Movies Quiz

Random Movies or Quote Quiz

1 to 10 AFI Movie Quotes Quiz Stats

 Plays Quiz Updated Sep 21, 2017

Support Sporcle.
Go Orange.
Score 0/55 Timer 08:00
0 Plays Today
Hint Answer % Correct
The Sixth SenseI
97.6%
The Sixth Sensesee
95.5%
The Sixth Sensedead
95.4%
The Sixth Sensepeople
95.3%
Titanicof
90.7%
The Maltese Falconof
90.7%
Casablancathe
88.1%
Titanicthe
88.1%
The Maltese FalconThe
88.1%
Titanicthe
88.1%
The Godfatherhe
87.8%
Planet of the Apesyou
86%
Planet of the Apesoff
84.2%
The Godfatheran
83.9%
Citizen KaneRosebud
83.7%
TitanicI'm
83.2%
The GodfatherI'm
83.2%
Titanicworld
81.5%
Titanicking
80.8%
The Godfatheroffer
79.5%
The Godfatherrefuse
79.5%
The Godfathercan't
79.5%
The Godfatherhim
79.2%
Planet of the Apesape
78.2%
Planet of the Apesme
78%
The Godfathermake
77.7%
Bonnie and ClydeWe
76.1%
The Godfathergonna
74.9%
Hint Answer % Correct
Planet of the Apesyour
74.8%
Planet of the Apesdirty
74.7%
Cool Hand Luketo
74%
Planet of the Apespaws
71.7%
Cool Hand Lukehere
68.9%
Cool Hand Lukeis
67%
Planet of the ApesTake
66.6%
Planet of the Apesdamned
64.8%
LOTR: The Two TowersMy
62.8%
Cool Hand LukeWhat
62.8%
LOTR: The Two Towersprecious
60.2%
Cool Hand Lukefailure
57.5%
Cool Hand Lukecommunicate
57.5%
The Maltese Falconare
54%
Planet of the Apesstinking
52.7%
Cool Hand Lukegot
49.6%
The Maltese Falconmade
47%
Cool Hand Lukewe've
46.8%
Bonnie and Clyderob
45%
Bonnie and Clydebanks
44.8%
The Maltese Falconthat
43.1%
The Maltese Falcondreams
43%
The Maltese Falconstuff
40.1%
Casablancaup
22.5%
Casablancausual
20.1%
Casablancasuspects
20.1%
CasablancaRound
19.9%

From the Vault

Criteria US States

by bobinwilder1

Lady Liberty is counting on you!
Remove Ads.
Support Sporcle.
Get the best of Sporcle when you Go Orange. This ad-free experience offers more features, more stats, and more fun while also helping to support Sporcle. Thank you for becoming a member.

Show Comments

Extras

Top Quizzes Today


Score Distribution

Your Account Isn't Verified!

In order to create a playlist on Sporcle, you need to verify the email address you used during registration. Go to your Sporcle Settings to finish the process.

Report this User

Report this user for behavior that violates our Community Guidelines.

Details: